Rosa Luxemburgo

República de Weimar (1919-1933). Una vez terminada la Primera Guerra Mundial (1914-1918), se produjeron en Alemania movimientos populares de protesta, al frente de los cuales se hallaban Rosa Luxemburgo y Karl Liebknecht, que fundaron un partido político revolucionario de carácter comunista: los esp...

Descripción completa

Guardado en:
Autor Principal: von Trotta, Margarethe.
Autor Corporativo: Bioskop Film.
Otros Autores: Sukowa, Barbara; Reparto., Olbrychski, Daniel; Reparto., Sander, Otto; Reparto.
Formato: Deslizar
Idioma:Undetermined
Publicado: Alemania, 1986.
Materias:
Etiquetas: Agregar Etiqueta
Sin Etiquetas, Sea el primero en etiquetar este registro!
LEADER 01273ngm a22002415a 4500
001 CEM.cems021020
008 240412s1986####xx#---############vlund#d
005 20240412163727.0
245 1 0 |a Rosa Luxemburgo  |h [videograbación] /  |c Margarethe von Trotta. 
260 |a Alemania,  |c 1986. 
300 |a 122'. 
538 |a 1. Soporte: DVD - Formato: MPG - Peso:1.19gb - Resolución: 352 x 288 - 25fps -- 2. Soporte: DVD - Formato: MP4 - Peso: 0.98gb - Resolución: 1204 x 720 - 24fps 
500 |a Título original: Rosa Luxemburg - Idioma original: Alemán, Polaco - Subtitulo: Español. 
590 |a Identificación anterior: 421 
520 |a República de Weimar (1919-1933). Una vez terminada la Primera Guerra Mundial (1914-1918), se produjeron en Alemania movimientos populares de protesta, al frente de los cuales se hallaban Rosa Luxemburgo y Karl Liebknecht, que fundaron un partido político revolucionario de carácter comunista: los espartaquistas. 
100 1 |a von Trotta, Margarethe. 
700 1 |a Sukowa, Barbara; Reparto. 
700 1 |a Olbrychski, Daniel; Reparto. 
700 1 |a Sander, Otto; Reparto. 
710 2 |a Bioskop Film. 
653 |a LARGOMETRAJE 
653 |a FICCION 
859 |a CEMS  |b BIB. CEMS - Depto. Recursos Didacticos  |h 778.5  |i TRO-1  |k DRD  |p 3354.24  |t Ej.1